<?xml version="1.0" encoding="UTF-8"?>
<marc:record xmlns:marc="http://www.loc.gov/MARC21/slim">
   <marc:leader>00000nam a2200000 a 4500</marc:leader>
   <marc:datafield ind1="1" ind2=" " tag="100">
      <marc:subfield code="a">Giordano, Mario</marc:subfield>
      <marc:subfield code="4">aut</marc:subfield>
      <marc:subfield code="e">Verfasser/-in</marc:subfield>
   </marc:datafield>
   <marc:datafield ind1=" " ind2=" " tag="653">
      <marc:subfield code="a">Krimi</marc:subfield>
   </marc:datafield>
   <marc:datafield ind1=" " ind2=" " tag="653">
      <marc:subfield code="a">Kriminalroman</marc:subfield>
   </marc:datafield>
   <marc:datafield ind1=" " ind2=" " tag="653">
      <marc:subfield code="a">Humoristische Darstellung</marc:subfield>
   </marc:datafield>
   <marc:datafield ind1=" " ind2=" " tag="653">
      <marc:subfield code="a">Sizilien</marc:subfield>
   </marc:datafield>
   <marc:datafield ind1=" " ind2=" " tag="653">
      <marc:subfield code="a">Bayern</marc:subfield>
   </marc:datafield>
   <marc:datafield ind1="0" ind2="0" tag="245">
      <marc:subfield code="a">Tante Poldi und die Früchte des Herrn</marc:subfield>
   </marc:datafield>
   <marc:datafield ind1="0" ind2="0" tag="245">
      <marc:subfield code="b">Roman; Band 2</marc:subfield>
   </marc:datafield>
   <marc:datafield ind1=" " ind2="1" tag="264">
      <marc:subfield code="b">Lübbe Hardcover</marc:subfield>
      <marc:subfield code="c">2016</marc:subfield>
   </marc:datafield>
   <marc:datafield ind1="1" ind2=" " tag="490">
      <marc:subfield code="a">Tante Poldi</marc:subfield>
   </marc:datafield>
   <marc:datafield ind1="1" ind2=" " tag="520">
      <marc:subfield code="a">Klappentext: Tante Poldi ist sauer: Zuerst wird ihr das Wasser abgestellt, dann auch noch der Hund ihrer Freundin um die Ecke gebracht. Kreizsacklzement! Erste Ermittlungen führen sie zum Winzer Avola. Und der ist auch noch so hammer-attraktiv, dass die Poldi nach einer heißen Nacht prompt ihre Ermittlungen vergisst. Bis am nächsten Morgen die Polizei vor Avolas Tür steht. Denn zwischen seinen Reben wurde eine Leiche gefunden, und Commissario Montana ist alles andere als erfreut, dass ausgerechnet Poldi Avola ein Alibi geben kann. Außerdem bleibt die Frage: Wer hat Giuliana getötet - und warum?  Biografie Mario Giordano, geboren 1963 in München, schreibt Romane, Jugendbücher und Drehbücher ("Das Experiment", Tatort", "Schimanski"). Für das Drehbuch zu "Das Experiment" erhielt er den Bayerischen Filmpreis, für sein Jugendbuch "Der aus den Docks" den Hans-im-Glück-Preis der Stadt Limburg. Sein Kunstbuch "Der Mann mit der Zwitschermaschine" war nominiert zum Deutschen Jugendliteraturpreis. Mario Giordano lebt und arbeitet in Köln.</marc:subfield>
   </marc:datafield>
   <marc:datafield ind1=" " ind2=" " tag="020">
      <marc:subfield code="a">9783431039481</marc:subfield>
      <marc:subfield code="9">9783431039481</marc:subfield>
   </marc:datafield>
</marc:record>
